00346pab a2200121 454500008004000000100001800040245008200058260000900140300001100149362000900160650002100169773003400190180718b1986 xxu||||| |||| 00| 0 eng d aWhitaker Alan aManagerial strategy and industrial relationsbA case study of plant relations c1986 a657-78 aNov. aLabour Relations aJournal of Management Studies